Представление документа в формате MARC21

Поле Инд. ПП Название Значение
Тип записи a
Библиографический уровень b
001 Контрольный номер RU/IS/BASE/247665905
005 Дата корректировки 20220905145145.5
008 Кодируемые данные 20071106
040 b Код языка каталог. rus
e Правила каталог. PSBO
041 0_ a Код языка текста rus
084 a Индекс другой классификации/Индекс ББК 63.3(2)612-3-414.8
100 1_ a Автор Джамбулатов Р. Т.
q Полное имя Джамбулатов Руслан Темирсултанович
245 10 a Заглавие Погромы 1918 года в Хасав-Юрте
504 a Библиография Лит. в примеч. в конце статьи
520 a Аннотация "События, происходившие в условиях Гражданской войны, были следствием общего бедственного положения горцев. В Дагестане отсутствовали люди, способные создать какое-либо независимое государство - ни в виде "Горской республики", ни как "Имамат". Повышенная активность приученных к разбою людей сочеталась с неподготовленностью общественного сознания."
650 a Основная рубрика внутренняя политика
a Основная рубрика история
653 1_ a Ключевые слова XX век
a Ключевые слова Гражданская война 1917-1922
a Ключевые слова Дагестан
a Ключевые слова контрреволюция
a Ключевые слова национальная независимость
a Ключевые слова погромы
a Ключевые слова регионы России
a Ключевые слова Россия
a Ключевые слова Северный Кавказ
a Ключевые слова Терская область
a Ключевые слова Хасав-Юрт
773 0_ t Заглавие источника Вопросы истории
d Дата издания источника 2007
g Прочая информация № 6. - С. 143 - 146
w Контрольный № источника RU/IS/BASE/236267100
901 t Тип документа b